| 000 | nam a22 a 4500 | ||
|---|---|---|---|
| 999 |
_c59870 _d59870 |
||
| 003 | BLK | ||
| 005 | 20221216084216.0 | ||
| 008 | 180408b bul|||||r ||||||| ||bul|| | ||
| 010 | _aKNG00063997000 | ||
| 040 | _aBLK | ||
| 041 |
_aBUL _cBUL |
||
| 080 |
_aПолупроводникова електроника. Микроелектроника. Тиристори, интегрални схеми,микропроцесори и др.Вж и 537.31 _b621.382 _x(035) _z621.382(035) |
||
| 100 | 1 |
_aГрадинаров, Петко Г. _eпърви автор _9289345 |
|
| 139 |
_aГрадинаров, Петко Г. _bГ 75 |
||
| 245 | 1 | 0 |
_aСВЧ полупроводникови прибори и приложението им _bРъководство _cПетко Г. Градинаров. |
| 257 | _aBGR | ||
| 260 |
_bТехника _c1981 _fВраца : В. Александров _aСофия |
||
| 300 |
_a296 с. _bсъс сх., диагр. _c20 см |
||
| 380 | _a62 | ||
| 490 |
_aНови технологии и изделия _9204200 |
||
| 500 | _aБиблиогр. с. 291-293. | ||
| 504 | _a291-293 | ||
| 650 | 4 |
_aПолупроводникови уреди _9248532 |
|
| 650 | 4 |
_aТриоди, полупроводници _9275623 |
|
| 650 | 4 |
_aДиоди, полупроводникови _9153484 |
|
| 653 | _aполупроводникови уреди | ||
| 653 | _aтриоди | ||
| 653 | _aдиоди | ||
| 852 |
_aЦб 107839 _bЦб |
||
| 856 | 4 |
_qpdf _i0.00 _ldisable |
|
| 856 | 4 |
_qpdf _i0.00 _ldisable |
|
| 942 |
_cKNG _n0 _s1 |
||
| 944 |
_aCR _c13.06.2004 _kНаталия_Медовщикова |
||
| 944 |
_aED _c15.05.2009 |
||
| 944 |
_aED _c2022-12-16 |
||
| 999 | _d59870 | ||